[Event "DVM U20w 2003"]
[Site "Ditzingen GER"]
[Date "2003.12.28"]
[Round "3"]
[White "Schuster, Kathrin"]
[Black "Kummer, Annett"]
[Result "1-0"]
[Termination "normal"]
[Board "5.4"]
[WhiteElo "913"]
[BlackElo "817"]
[WhiteTeam "Allersberger SC 2000"]
[BlackTeam "ESV Delitzsch"]
[PlyCount "89"]
[EventCountry "GER"]
[EventRounds "7"]
[EventType "team-swiss"]
[EventDate "2003.12.26"]

1. e4 e5 2. Bc4 Nf6 3. Nc3 Be7 4. Nf3 O-O 5. O-O Nc6 6. d3 b6 7. Be3 Bb7 8. a3
Bd6 9. Nd5 Nb8 10. Nxf6+ Qxf6 11. c3 Nc6 12. Bd5 Nd8 13. Bxb7 Nxb7 14. d4 exd4
15. cxd4 Qd8 16. e5 Be7 17. Qd2 h6 18. Rac1 Na5 19. Rc3 d5 20. b3 Bxa3 21. Rd3
Qe7 22. Ra1 Bb4 23. Qc2 Rad8 24. Bd2 Nc6 25. Qxc6 a5 26. Bxb4 axb4 27. Ra7 Rc8
28. Qxd5 Qe6 29. Qc4 Qf5 30. Rd1 Qe4 31. Rxc7 Rxc7 32. Qxc7 Qe2 33. Rd2 Ra8 34.
Rxe2 Ra1+ 35. Ne1 Rb1 36. Re3 Rd1 37. Qc8+ Kh7 38. Qf5+ Kg8 39. g3 Rb1 40. Rf3
f6 41. exf6 gxf6 42. Qg6+ Kf8 43. Rxf6+ Ke7 44. Qg7+ Kd8 45. Rf8# 1-0

[Event "DVM U20w 2003"]
[Site "Ditzingen GER"]
[Date "2003.12.28"]
[Round "3"]
[White "Stutz, Andrea"]
[Black "Gasch, Franziska"]
[Result "1-0"]
[Termination "normal"]
[Board "6.1"]
[WhiteElo "1983"]
[BlackElo "1544"]
[WhiteTeam "SC Tamm 74"]
[BlackTeam "SC Leipzig-Lindenau"]
[PlyCount "159"]
[WhiteFideId "4697146"]
[BlackFideId "24632139"]
[EventCountry "GER"]
[EventRounds "7"]
[EventType "team-swiss"]
[EventDate "2003.12.26"]

1. e4 d5 2. exd5 Nf6 3. Bb5+ Nbd7 4. Nc3 a6 5. Bc4 Nb6 6. Bb3 Nbxd5 7. Nxd5
Nxd5 8. d4 b5 9. Ne2 Bb7 10. O-O e6 11. Nf4 Be7 12. c3 Nf6 13. Nh5 O-O 14.
Nxf6+ Bxf6 15. Qh5 g6 16. Qh3 Bg7 17. Bf4 Rc8 18. Rad1 Qe7 19. Qg3 Rfd8 20.
Rfe1 Bd5 21. Bxd5 Rxd5 22. Be5 c6 23. Bxg7 Kxg7 24. Re5 Qc7 25. Rxd5 Qxg3 26.
hxg3 cxd5 27. Kf1 Kf6 28. Ke2 g5 29. Rh1 Kg6 30. Kd3 h6 31. Ra1 Rb8 32. Kc2 a5
33. b3 Kf5 34. Re1 Kf6 35. Kd3 Rc8 36. Rc1 Kg6 37. c4 Kf6 38. c5 Rc6 39. a3 Kg6
40. Ra1 Kf6 41. b4 a4 42. Rh1 Kg6 43. Ke3 f5 44. Kf3 h5 45. Ke3 Kh6 46. f3 Kg6
47. Kf2 Rc8 48. Re1 Rc6 49. Kg1 Kh6 50. Kh2 Kg6 51. Kh3 Kh6 52. g4 f4 53. gxh5
Kxh5 54. g3 fxg3 55. Kxg3 Kg6 56. Rh1 Rc8 57. Rc1 Rc6 58. Kg4 Kf6 59. f4 gxf4
60. Kxf4 Kf7 61. Ke5 Ke7 62. Rh1 Kd8 63. Rh8+ Kc7 64. Re8 Kd7 65. Rb8 Kc7 66.
Rxb5 Kd7 67. Ra5 Ke7 68. Ra7+ Kd8 69. Rxa4 Kc7 70. b5 Kd7 71. bxc6+ Kxc6 72.
Rb4 Kc7 73. a4 Kc6 74. Rb6+ Kc7 75. a5 Kd7 76. a6 Ke7 77. a7 Kf7 78. Rxe6 Kg7
79. a8=Q Kh7 80. Qb7+ 1-0

[Event "DVM U20w 2003"]
[Site "Ditzingen GER"]
[Date "2003.12.28"]
[Round "3"]
[White "Köditz, Katja"]
[Black "Bonfert, Nadine"]
[Result "1-0"]
[Termination "normal"]
[Board "6.2"]
[WhiteElo "1566"]
[BlackElo "1584"]
[WhiteTeam "SC Leipzig-Lindenau"]
[BlackTeam "SC Tamm 74"]
[PlyCount "61"]
[BlackFideId "4633636"]
[EventCountry "GER"]
[EventRounds "7"]
[EventType "team-swiss"]
[EventDate "2003.12.26"]

1. d4 d5 2. Nf3 Nf6 3. Bg5 e6 4. e3 Be7 5. Bd3 O-O 6. Nbd2 Nbd7 7. c3 c5 8. O-O
b6 9. e4 h6 10. Bh4 Nh7 11. Bxe7 Qxe7 12. exd5 exd5 13. Re1 Qd6 14. dxc5 bxc5
15. Nc4 Qc7 16. Bxh7+ Kxh7 17. Qxd5 Bb7 18. Qd3+ Kg8 19. Re3 Rad8 20. Qf5 Nf6
21. Nfe5 Rfe8 22. Rg3 Kh8 23. Qf4 Bd5 24. Ng6+ fxg6 25. Qxc7 Bxc4 26. Rxg6 Rd7
27. Qxc5 Bxa2 28. h3 Bf7 29. Rg3 Ne4 30. Qb5 Nxg3 31. Qxd7 1-0

[Event "DVM U20w 2003"]
[Site "Ditzingen GER"]
[Date "2003.12.28"]
[Round "3"]
[White "Rüdel, Anita"]
[Black "Spangenberg, Pia"]
[Result "1-0"]
[Termination "normal"]
[Board "6.3"]
[WhiteElo "1438"]
[BlackElo "1014"]
[WhiteTeam "SC Tamm 74"]
[BlackTeam "SC Leipzig-Lindenau"]
[PlyCount "117"]
[BlackFideId "4627989"]
[EventCountry "GER"]
[EventRounds "7"]
[EventType "team-swiss"]
[EventDate "2003.12.26"]

1. e4 e5 2. Nf3 Nf6 3. Nc3 Bb4 4. d3 Nc6 5. Bg5 d6 6. Be2 Be6 7. O-O O-O 8. a3
Ba5 9. Qd2 Nd4 10. Rad1 Nxe2+ 11. Qxe2 h6 12. Bh4 Bg4 13. Na4 Bb6 14. h3 Bh5
15. g4 Bg6 16. Nh2 Qe7 17. Nxb6 axb6 18. f4 exf4 19. Rxf4 d5 20. e5 Rfe8 21.
Qe1 Qe6 22. exf6 Qxe1+ 23. Rxe1 Rxe1+ 24. Bxe1 Re8 25. Bc3 Re2 26. Rf2 Re3 27.
Kg2 c5 28. fxg7 Re6 29. Bf6 b5 30. g5 hxg5 31. Bxg5 Kxg7 32. Bf4 c4 33. dxc4
bxc4 34. Ng4 b5 35. Ne5 Bh7 36. Bg3 Be4+ 37. Kf1 Rf6 38. Rxf6 Kxf6 39. c3 Kg7
40. Ke2 f6 41. Nc6 Bd3+ 42. Ke3 Kf7 43. Nd4 Ke7 44. Nxb5 Kd7 45. h4 Kc6 46.
Nd4+ Kb6 47. h5 Ka5 48. h6 Kb6 49. Bh4 Ka5 50. Bxf6 Kb6 51. Kf4 Ka5 52. Ke5 Be4
53. Nf5 Bxf5 54. Kxf5 Kb6 55. h7 Ka5 56. h8=Q Ka6 57. Qb8 Ka5 58. Bd8+ Ka6 59.
Qb6# 1-0

[Event "DVM U20w 2003"]
[Site "Ditzingen GER"]
[Date "2003.12.28"]
[Round "3"]
[White "Spangenberg, Romy"]
[Black "Kurz, Silke"]
[Result "1-0"]
[Termination "normal"]
[Board "6.4"]
[WhiteElo "886"]
[BlackElo "1277"]
[WhiteTeam "SC Leipzig-Lindenau"]
[BlackTeam "SC Tamm 74"]
[PlyCount "164"]
[WhiteFideId "4627997"]
[EventCountry "GER"]
[EventRounds "7"]
[EventType "team-swiss"]
[EventDate "2003.12.26"]

1. e4 e6 2. d4 d5 3. exd5 exd5 4. Qe2+ Be6 5. g3 Nc6 6. Nf3 Nf6 7. Bg2 Bd6 8.
Bg5 h6 9. Bd2 O-O 10. Nc3 Qc8 11. O-O Bg4 12. Qd3 Bf5 13. Qe2 Bg4 14. Rfe1 Nxd4
15. Qd1 Qf5 16. Nxd4 Qh5 17. Nf3 Rfe8 18. Rxe8+ Rxe8 19. Nb5 Be5 20. Be3 c6 21.
Nbd4 Ne4 22. Qd3 Nc5 23. Qa3 Na6 24. Nxe5 Qxe5 25. h3 Bd7 26. Qd3 Nc5 27. Qd2
Qf6 28. Rd1 Ne4 29. Bxe4 Rxe4 30. Kg2 Qg6 31. Qd3 Qd6 32. Re1 Re8 33. Bf4 Qb4
34. Rxe8+ Bxe8 35. Qc3 Qb6 36. b4 Qd8 37. Qc5 Qc8 38. Qxa7 Bd7 39. g4 f5 40. f3
g5 41. Be3 f4 42. Bf2 Kg7 43. Nb3 Qc7 44. Qd4+ Kf7 45. Nc5 Bc8 46. Qh8 Qd6 47.
Bd4 Qf8 48. Qf6+ Ke8 49. Qg6+ Ke7 50. Bg7 Qf7 51. Qxh6 Ke8 52. Qxg5 Qe7 53.
Qxe7+ Kxe7 54. Bh6 b6 55. Nd3 Ba6 56. Nxf4 Kd6 57. h4 c5 58. bxc5+ bxc5 59. h5
d4 60. Bg7 Bc4 61. a3 Bb5 62. h6 Ba4 63. c3 dxc3 64. Bxc3 Bc2 65. a4 Kc6 66. a5
Kb5 67. g5 Bf5 68. g6 Kc4 69. h7 Kxc3 70. h8=Q+ Kb4 71. Qb8+ Kc4 72. a6 Bc2 73.
Qg8+ Kd4 74. Qd5+ Kc3 75. Qxc5+ Kd2 76. a7 Kc1 77. Nd3+ Kd1 78. Nb4 Bxg6 79.
Qf2 Bb1 80. a8=R Kc1 81. Rc8+ Kd1 82. Rd8+ Kc1 1-0

[Event "DVM U20w 2003"]
[Site "Ditzingen GER"]
[Date "2003.12.28"]
[Round "4"]
[White "Winnicki, Alice"]
[Black "Beltz, Franziska"]
[Result "1/2-1/2"]
[Termination "normal"]
[Board "1.1"]
[WhiteElo "2032"]
[BlackElo "1987"]
[WhiteTeam "SK Johanneum Eppendorf"]
[BlackTeam "SC Leipzig-Gohlis"]
[PlyCount "45"]
[WhiteFideId "4687990"]
[BlackFideId "4681401"]
[EventCountry "GER"]
[EventRounds "7"]
[EventType "team-swiss"]
[EventDate "2003.12.26"]

1. e4 c5 2. c3 d5 3. exd5 Qxd5 4. d4 Nf6 5. Nf3 Bg4 6. Be2 e6 7. h3 Bh5 8. O-O
cxd4 9. Nxd4 Bxe2 10. Qxe2 a6 11. Rd1 Be7 12. c4 Qe4 13. Be3 O-O 14. Nc3 Qe5
15. Rd2 Nbd7 16. Rad1 Rac8 17. b3 Rfe8 18. Na4 Qc7 19. Nb2 Bb4 20. Rc2 Ne4 21.
Qf3 Ndc5 22. Nd3 Nxd3 23. Qxe4 1/2-1/2

[Event "DVM U20w 2003"]
[Site "Ditzingen GER"]
[Date "2003.12.28"]
[Round "4"]
[White "Beltz, Carmen"]
[Black "Chin, Karin"]
[Result "1/2-1/2"]
[Termination "normal"]
[Board "1.2"]
[WhiteElo "1752"]
[BlackElo "1775"]
[WhiteTeam "SC Leipzig-Gohlis"]
[BlackTeam "SK Johanneum Eppendorf"]
[PlyCount "37"]
[WhiteFideId "24608726"]
[BlackFideId "24608157"]
[EventCountry "GER"]
[EventRounds "7"]
[EventType "team-swiss"]
[EventDate "2003.12.26"]

1. e4 c5 2. Nf3 Nc6 3. d4 cxd4 4. Nxd4 g6 5. Be3 Bg7 6. Nc3 Nf6 7. Bc4 O-O 8.
Bb3 a5 9. a4 Ng4 10. Qxg4 Nxd4 11. Qd1 Nxb3 12. cxb3 d6 13. O-O Be6 14. Nd5
Bxd5 15. Qxd5 Qd7 16. Rac1 e6 17. Qd2 Ra6 18. Bd4 Bxd4 19. Qxd4 1/2-1/2

[Event "DVM U20w 2003"]
[Site "Ditzingen GER"]
[Date "2003.12.28"]
[Round "4"]
[White "Schmidt, Jade"]
[Black "Helmbold, Irene"]
[Result "0-1"]
[Termination "normal"]
[Board "1.3"]
[WhiteElo "1699"]
[BlackElo "1719"]
[WhiteTeam "SK Johanneum Eppendorf"]
[BlackTeam "SC Leipzig-Gohlis"]
[PlyCount "80"]
[BlackFideId "24600873"]
[EventCountry "GER"]
[EventRounds "7"]
[EventType "team-swiss"]
[EventDate "2003.12.26"]

1. d4 Nf6 2. c4 d6 3. Nc3 g6 4. e4 Bg7 5. f3 O-O 6. Bg5 Qe8 7. Qd2 e5 8. d5 a5
9. Bd3 Na6 10. g4 c6 11. h4 Nc5 12. h5 Bd7 13. hxg6 fxg6 14. O-O-O cxd5 15.
cxd5 b5 16. Qh2 Rf7 17. Bc2 b4 18. Nce2 b3 19. axb3 Qb8 20. Nc3 a4 21. bxa4
Nxa4 22. Nxa4 Bxa4 23. Bxa4 Rxa4 24. Kb1 Qa7 25. Ne2 Rc7 26. Nc3 Rxc3 27. bxc3
Ra1+ 28. Kc2 Ra2+ 29. Kd3 Qa6+ 30. Ke3 Qb6+ 31. Kd3 Qb5+ 32. Ke3 Rxh2 33. Rxh2
Qc4 34. Rc1 h6 35. Bxf6 Bxf6 36. Kf2 Bg5 37. Re1 Qxc3 38. Rhh1 Qd2+ 39. Kf1 Be3
40. Re2 Qd1+ 0-1

[Event "DVM U20w 2003"]
[Site "Ditzingen GER"]
[Date "2003.12.28"]
[Round "4"]
[White "Salden, Franziska"]
[Black "Rohlfs, Ricarda"]
[Result "1-0"]
[Termination "normal"]
[Board "1.4"]
[WhiteElo "1471"]
[BlackElo "1671"]
[WhiteTeam "SC Leipzig-Gohlis"]
[BlackTeam "SK Johanneum Eppendorf"]
[PlyCount "103"]
[WhiteFideId "24601268"]
[EventCountry "GER"]
[EventRounds "7"]
[EventType "team-swiss"]
[EventDate "2003.12.26"]

1. e4 c5 2. Nf3 Nc6 3. c3 Nf6 4. Qc2 d6 5. d4 cxd4 6. cxd4 Bd7 7. Nc3 Rc8 8. a3
e6 9. Bd3 e5 10. d5 Nd4 11. Qd1 Bg4 12. Be2 Nxe2 13. Qxe2 Bd7 14. O-O Ng4 15.
Bd2 h5 16. Rac1 a6 17. Kh1 Be7 18. Ng1 g5 19. f3 Nh6 20. Qf2 Bf6 21. Nge2 Qe7
22. Rc2 h4 23. Rfc1 g4 24. Kg1 gxf3 25. Qxf3 Bg4 26. Qf2 Bg5 27. Be3 Rg8 28.
Rf1 Bh3 29. Bxg5 Qxg5 30. Nc1 Rc7 31. Qf6 Qh5 32. Qxd6 Rd7 33. Qf6 Rg6 34. Qf3
Bg4 35. Qf2 Qg5 36. Kh1 Rdd6 37. Qd2 Qh5 38. h3 Bd7 39. Qe2 Qg5 40. Qd2 Qe7 41.
Nd3 Rg3 42. Ne2 Rg5 43. Rc7 Qd8 44. Rxb7 Rdg6 45. Rf2 Qc8 46. Rb3 Bxh3 47. Nef4
exf4 48. Nxf4 Rg3 49. Nxg6 Rxb3 50. Qxh6 Qg4 51. Qf4 Kd7 52. Qxf7+ 1-0

[Event "DVM U20w 2003"]
[Site "Ditzingen GER"]
[Date "2003.12.28"]
[Round "4"]
[White "Rezai, Yuanne"]
[Black "Jehle, Anja"]
[Result "1/2-1/2"]
[Termination "normal"]
[Board "2.1"]
[WhiteElo "1827"]
[BlackElo "1520"]
[WhiteTeam "SF Wadgassen-Differten"]
[BlackTeam "SV Wolfbusch"]
[PlyCount "62"]
[BlackFideId "24631434"]
[EventCountry "GER"]
[EventRounds "7"]
[EventType "team-swiss"]
[EventDate "2003.12.26"]

1. e4 c5 2. d4 cxd4 3. c3 d5 4. Qxd4 Nf6 5. exd5 Qxd5 6. Qxd5 Nxd5 7. Bc4 Nf6
8. Bf4 Bf5 9. Nf3 e6 10. O-O Bc5 11. Nbd2 O-O 12. Nb3 Bb6 13. Rad1 Nc6 14. h3
h6 15. Nbd4 Nxd4 16. Nxd4 Bg6 17. Nb5 Bc5 18. Nd6 Bxd6 19. Rxd6 Rad8 20. Rfd1
Rxd6 21. Rxd6 Rc8 22. Bb3 Be4 23. Rxe6 Rxc3 24. Rxf6 Rxb3 25. axb3 gxf6 26.
Bxh6 Kh7 27. Be3 a6 28. Kf1 Kg6 29. g3 Bf3 30. Ke1 Bg2 31. h4 Kh5 1/2-1/2

[Event "DVM U20w 2003"]
[Site "Ditzingen GER"]
[Date "2003.12.28"]
[Round "4"]
[White "Erben, Larissa"]
[Black "Thiery, Jennifer"]
[Result "1/2-1/2"]
[Termination "normal"]
[Board "2.2"]
[WhiteElo "1497"]
[BlackElo "1688"]
[WhiteTeam "SV Wolfbusch"]
[BlackTeam "SF Wadgassen-Differten"]
[PlyCount "68"]
[WhiteFideId "24634590"]
[EventCountry "GER"]
[EventRounds "7"]
[EventType "team-swiss"]
[EventDate "2003.12.26"]

1. e4 c5 2. Nf3 Nc6 3. d4 cxd4 4. Nxd4 g6 5. c4 Bg7 6. Be3 d6 7. Nc3 Nf6 8. Be2
O-O 9. O-O Bd7 10. Qd2 a6 11. f3 Rc8 12. b3 Qc7 13. Rfe1 Ne5 14. Rac1 Rfd8 15.
Nd5 Nxd5 16. cxd5 Qb8 17. h3 Be8 18. Kh1 Nd7 19. Bg5 Nf6 20. Bh6 Bh8 21. Qg5
Rxc1 22. Rxc1 Rc8 23. Rd1 Qc7 24. Nf5 Qd8 25. Bd3 Bd7 26. Nd4 Nh5 27. Qe3 Qa5
28. g4 Nf6 29. Bb1 Qc3 30. Qxc3 Rxc3 31. Kg2 Ne8 32. Ne2 Rc8 33. a4 e6 34. h4
Bg7 1/2-1/2

[Event "DVM U20w 2003"]
[Site "Ditzingen GER"]
[Date "2003.12.28"]
[Round "4"]
[White "Dietzen, Corinna"]
[Black "Hafner, Katrin"]
[Result "1-0"]
[Termination "normal"]
[Board "2.3"]
[WhiteElo "1598"]
[BlackElo "1439"]
[WhiteTeam "SF Wadgassen-Differten"]
[BlackTeam "SV Wolfbusch"]
[PlyCount "67"]
[WhiteFideId "24621021"]
[BlackFideId "24668001"]
[EventCountry "GER"]
[EventRounds "7"]
[EventType "team-swiss"]
[EventDate "2003.12.26"]

1. c4 e5 2. Nc3 Nc6 3. g3 g6 4. Bg2 Bg7 5. Nf3 d6 6. d3 h6 7. Bd2 Be6 8. Rb1
Qd7 9. b4 f5 10. b5 Nd8 11. Qc1 Nf6 12. O-O Rb8 13. Qa3 O-O 14. Qxa7 Nf7 15.
Qa4 f4 16. Nh4 Kh7 17. Ne4 Bh3 18. Nxf6+ Bxf6 19. Nf3 Qg4 20. Kh1 Ng5 21. Nxg5+
Bxg5 22. f3 Bxg2+ 23. Kxg2 Qd7 24. Qc2 Ra8 25. a4 b6 26. Ra1 Ra7 27. Rh1 Be7
28. Rag1 g5 29. d4+ Kg7 30. gxf4 exf4 31. Kf2 Bf6 32. Bc3 Kf7 33. Qh7+ Ke6 34.
d5# 1-0

[Event "DVM U20w 2003"]
[Site "Ditzingen GER"]
[Date "2003.12.28"]
[Round "4"]
[White "Häcker, Katrin"]
[Black "Ley, Janine"]
[Result "0-1"]
[Termination "normal"]
[Board "2.4"]
[WhiteElo "1179"]
[BlackElo "1388"]
[WhiteTeam "SV Wolfbusch"]
[BlackTeam "SF Wadgassen-Differten"]
[PlyCount "46"]
[WhiteFideId "24667986"]
[BlackFideId "24671274"]
[EventCountry "GER"]
[EventRounds "7"]
[EventType "team-swiss"]
[EventDate "2003.12.26"]

1. e4 d6 2. d4 g6 3. Nc3 Bg7 4. Nf3 Nd7 5. Be3 c6 6. Qd2 Ngf6 7. O-O-O b5 8. d5
b4 9. dxc6 bxc3 10. cxd7+ Bxd7 11. Qxc3 O-O 12. Qd3 Qc7 13. Be2 Rfc8 14. Rd2
Bc6 15. Ng5 h6 16. Nh3 Bxe4 17. Qd4 Bxg2 18. Bg4 Nxg4 19. Qxg4 Bxh1 20. f3 Bxf3
21. Qxf3 Bxb2+ 22. Kxb2 Qc3+ 23. Kb1 Rab8+ 0-1

[Event "DVM U20w 2003"]
[Site "Ditzingen GER"]
[Date "2003.12.28"]
[Round "4"]
[White "Blodig, Carolin"]
[Black "Kind, Veronika"]
[Result "1/2-1/2"]
[Termination "normal"]
[Board "3.1"]
[WhiteElo "1946"]
[BlackElo "1829"]
[WhiteTeam "Allersberger SC 2000"]
[BlackTeam "SV Glück auf Rüdersdorf"]
[PlyCount "133"]
[WhiteFideId "4692012"]
[EventCountry "GER"]
[EventRounds "7"]
[EventType "team-swiss"]
[EventDate "2003.12.26"]

1. e4 c5 2. Nc3 Nc6 3. d3 d6 4. g3 g6 5. Bg2 Bg7 6. f4 e6 7. Nf3 Nge7 8. O-O
O-O 9. Be3 Rb8 10. Rb1 b5 11. Ne2 Qc7 12. c3 Ba6 13. Qd2 Nd8 14. b4 Bc8 15.
Rfc1 Bd7 16. e5 Nb7 17. exd6 Qxd6 18. Ng5 Nf5 19. Ne4 Qc7 20. Bf2 c4 21. Bxa7
Ra8 22. Bc5 Nxc5 23. Nxc5 Bc6 24. Bxc6 Qxc6 25. dxc4 Rfd8 26. Qb2 bxc4 27. Rd1
Qf3 28. a4 Ne3 29. Rxd8+ Rxd8 30. Nd4 Bxd4 31. cxd4 Rxd4 32. Re1 c3 33. Qf2
Qxf2+ 34. Kxf2 c2 35. Rc1 Rd1 36. Nb3 Rd3 37. Nc5 Rc3 38. a5 Nd5 39. Na6 Rc4
40. Ke2 Nxb4 41. Nxb4 Rxb4 42. Rxc2 Ra4 43. Rc8+ Kg7 44. Ra8 Ra2+ 45. Ke3 Rxh2
46. a6 Ra2 47. a7 h5 48. Kf3 Ra3+ 49. Kg2 Kf6 50. Kh3 Kf5 51. Kh4 Ra2 52. Kh3
f6 53. Rb8 Rxa7 54. Rb5+ e5 55. Rc5 Ra2 56. fxe5 fxe5 57. Rc4 g5 58. g4+ hxg4+
59. Kg3 Ra3+ 60. Kg2 e4 61. Rc8 Rf3 62. Rf8+ Ke5 63. Rg8 Kf6 64. Rf8+ Kg7 65.
Re8 Rf4 66. Kg3 Kf7 67. Re5 {Rest nicht dokumentiert} 1/2-1/2

[Event "DVM U20w 2003"]
[Site "Ditzingen GER"]
[Date "2003.12.28"]
[Round "4"]
[White "Hönecke, Judith"]
[Black "Lehner, Martina"]
[Result "1-0"]
[Termination "normal"]
[Board "3.2"]
[WhiteElo "1779"]
[BlackElo "1241"]
[WhiteTeam "SV Glück auf Rüdersdorf"]
[BlackTeam "Allersberger SC 2000"]
[PlyCount "103"]
[WhiteFideId "4696328"]
[EventCountry "GER"]
[EventRounds "7"]
[EventType "team-swiss"]
[EventDate "2003.12.26"]

1. e4 e5 2. Nf3 Nc6 3. Nc3 Bc5 4. Nxe5 d6 5. Nxc6 bxc6 6. d4 Bb6 7. Bc4 Ne7 8.
O-O Bb7 9. Be3 d5 10. Bd3 O-O 11. e5 Ng6 12. Qh5 Bc8 13. f4 Qh4 14. Bxg6 Qxh5
15. Bxh5 Bf5 16. Rf2 Rab8 17. a3 Bg6 18. Bxg6 hxg6 19. f5 gxf5 20. Rxf5 Rbe8
21. Raf1 Re6 22. Nd1 Rg6 23. c3 Re6 24. Nf2 Re7 25. Nh3 a6 26. Nf4 Kh7 27. Nd3
a5 28. Bg5 f6 29. exf6 gxf6 30. Rxf6 Rxf6 31. Rxf6 Kg8 32. Rg6+ Kf7 33. Bxe7
Kxg6 34. Ne5+ Kg7 35. Nxc6 Kf7 36. Bc5 Ke6 37. Bxb6 cxb6 38. h4 Kf7 39. g4 Kf6
40. Kf2 Ke6 41. Kf3 Kf6 42. Kf4 Kg6 43. Ne5+ Kg7 44. Kf5 Kh7 45. g5 Kg7 46. h5
Kg8 47. Kf6 Kf8 48. h6 Kg8 49. g6 Kh8 50. Nf7+ Kg8 51. h7+ Kf8 52. h8=Q# 1-0

[Event "DVM U20w 2003"]
[Site "Ditzingen GER"]
[Date "2003.12.28"]
[Round "4"]
[White "Lehner, Marianne"]
[Black "Müller, Thea-Lina"]
[Result "0-1"]
[Termination "normal"]
[Board "3.3"]
[WhiteElo "1295"]
[BlackElo "1737"]
[WhiteTeam "Allersberger SC 2000"]
[BlackTeam "SV Glück auf Rüdersdorf"]
[PlyCount "122"]
[BlackFideId "24604054"]
[EventCountry "GER"]
[EventRounds "7"]
[EventType "team-swiss"]
[EventDate "2003.12.26"]

1. e4 c5 2. Bc4 e6 3. Nc3 a6 4. d3 Nc6 5. Nf3 d6 6. Be3 Nf6 7. Bg5 Be7 8. Bxf6
Bxf6 9. a3 O-O 10. O-O Ne7 11. Re1 Qc7 12. Qd2 Ng6 13. Rad1 b5 14. Ba2 Rb8 15.
Rb1 Bb7 16. d4 cxd4 17. Nxd4 Qc5 18. Nf3 Ne5 19. b4 Nxf3+ 20. gxf3 Qxc3 21.
Qxc3 Bxc3 22. Red1 Be5 23. c4 bxc4 24. Bxc4 Rbc8 25. Bf1 Rc3 26. Rd3 Rfc8 27.
a4 Rxd3 28. Bxd3 Kf8 29. b5 axb5 30. axb5 Bf4 31. Kg2 h6 32. h3 d5 33. Rb4 dxe4
34. Bxe4 Bxe4 35. fxe4 Ke7 36. Rb3 Rc4 37. Kf3 Bd6 38. b6 Rb4 39. Rxb4 Bxb4 40.
e5 Kd7 41. Ke4 Bc5 42. f3 Bxb6 43. Kd3 Bf2 44. Kc4 Kc6 45. Kd3 Kd5 46. Ke2 Bg3
47. Ke3 Kxe5 48. Ke2 Kf4 49. Kd3 Kxf3 50. Kc4 e5 51. Kd5 e4 52. Kc6 e3 53. Kd7
e2 54. Ke7 e1=Q+ 55. Kxf7 Qe5 56. h4 Qf6+ 57. Kg8 Kg4 58. h5 Kxh5 59. Kh7 Bf4
60. Kg8 Kg6 61. Kh8 Qf8# 0-1

[Event "DVM U20w 2003"]
[Site "Ditzingen GER"]
[Date "2003.12.28"]
[Round "4"]
[White "Busse, Nadine"]
[Black "Schuster, Kathrin"]
[Result "1-0"]
[Termination "normal"]
[Board "3.4"]
[WhiteElo "1664"]
[BlackElo "913"]
[WhiteTeam "SV Glück auf Rüdersdorf"]
[BlackTeam "Allersberger SC 2000"]
[PlyCount "43"]
[WhiteFideId "24632023"]
[EventCountry "GER"]
[EventRounds "7"]
[EventType "team-swiss"]
[EventDate "2003.12.26"]

1. e4 e5 2. Nc3 Bc5 3. Bc4 Nf6 4. f4 d6 5. f5 Bxg1 6. Rxg1 b6 7. d3 h6 8. Be3
Bb7 9. Qd2 d5 10. exd5 Nxd5 11. Nxd5 Bxd5 12. Bxd5 Qxd5 13. Qf2 e4 14. dxe4
Qxe4 15. O-O-O O-O 16. f6 g5 17. Rd4 Qe6 18. h4 gxh4 19. Rxh4 Kh7 20. Rxh6+ Kg8
21. Qg3+ Qg4 22. Qxg4# 1-0

[Event "DVM U20w 2003"]
[Site "Ditzingen GER"]
[Date "2003.12.28"]
[Round "4"]
[White "Wolfram, Julia"]
[Black "Stejskal, Janina Maria"]
[Result "1/2-1/2"]
[Termination "normal"]
[Board "4.1"]
[WhiteElo "1406"]
[BlackElo "1833"]
[WhiteTeam "TSV Zeulenroda"]
[BlackTeam "Hamburger SK von 1830"]
[PlyCount "89"]
[BlackFideId "24601942"]
[EventCountry "GER"]
[EventRounds "7"]
[EventType "team-swiss"]
[EventDate "2003.12.26"]

1. d4 d5 2. e3 Nf6 3. Bd3 Nc6 4. f4 e6 5. Nf3 Be7 6. O-O O-O 7. Nbd2 Nb4 8. Be2
c5 9. c3 Nc6 10. Bd3 c4 11. Bc2 b5 12. Ne5 Bb7 13. g4 Nxe5 14. fxe5 Ne4 15. Qf3
Ng5 16. Qg2 f6 17. h4 Nf7 18. exf6 gxf6 19. e4 Kh8 20. exd5 Bxd5 21. Be4 Rg8
22. Bxd5 Qxd5 23. Qxd5 exd5 24. Rf4 Nh6 25. Nf3 Nxg4 26. Kf1 a5 27. Bd2 b4 28.
Re1 Bf8 29. Rf5 bxc3 30. bxc3 Bh6 31. Bxh6 Nxh6 32. Rxd5 Rgd8 33. Rh5 Kg7 34.
Re7+ Nf7 35. Rc5 Rdc8 36. Rcc7 Rxc7 37. Rxc7 Rb8 38. Rxc4 Rb1+ 39. Ne1 Nd6 40.
Rc7+ Kg6 41. h5+ Kh6 42. Re7 Rc1 43. Re6 Nc4 44. Rxf6+ Kxh5 45. Ke2 1/2-1/2

[Event "DVM U20w 2003"]
[Site "Ditzingen GER"]
[Date "2003.12.28"]
[Round "4"]
[White "Peschke, Susanne"]
[Black "Kohl, Annette"]
[Result "1-0"]
[Termination "normal"]
[Board "4.2"]
[WhiteElo "1626"]
[BlackElo "1494"]
[WhiteTeam "Hamburger SK von 1830"]
[BlackTeam "TSV Zeulenroda"]
[PlyCount "53"]
[EventCountry "GER"]
[EventRounds "7"]
[EventType "team-swiss"]
[EventDate "2003.12.26"]

1. d4 d5 2. Nf3 e6 3. e3 Bd6 4. c4 c6 5. Nc3 f5 6. Bd3 Nf6 7. O-O O-O 8. b3
Nbd7 9. Bb2 Ne4 10. Bc2 g5 11. Nxe4 fxe4 12. Ne5 Nf6 13. f3 exf3 14. Nxf3 Ng4
15. Qd3 Qc7 16. Ne5 Nf6 17. Rf3 Bxe5 18. dxe5 Ne4 19. Qe2 Nc5 20. Rh3 Rf7 21.
Rf1 Rg7 22. Qf2 Bd7 23. Bxh7+ Rxh7 24. Rxh7 Kxh7 25. Qf7+ Kh8 26. Qh5+ Kg8 27.
Rf7 1-0

[Event "DVM U20w 2003"]
[Site "Ditzingen GER"]
[Date "2003.12.28"]
[Round "4"]
[White "Weise, Lisa"]
[Black "Stoehr, Friederike"]
[Result "1-0"]
[Termination "normal"]
[Board "4.3"]
[WhiteElo "1277"]
[BlackElo "1539"]
[WhiteTeam "TSV Zeulenroda"]
[BlackTeam "Hamburger SK von 1830"]
[PlyCount "74"]
[EventCountry "GER"]
[EventRounds "7"]
[EventType "team-swiss"]
[EventDate "2003.12.26"]

1. e4 e6 2. d4 d5 3. Nc3 Nf6 4. Bg5 Bb4 5. e5 h6 6. Bd2 Nfd7 7. f4 c5 8. Nf3
Nc6 9. Be3 cxd4 10. Nxd4 Qa5 11. Nde2 Nc5 12. a3 Bxc3+ 13. Nxc3 Ne4 14. Bd2
Nxd2 15. Qxd2 a6 16. Be2 b5 17. O-O Bb7 18. f5 Qb6+ 19. Kh1 Nxe5 20. fxe6 Qxe6
21. Rae1 O-O 22. Qd4 Qd6 23. Ne4 Qc7 24. Nc5 Qb6 25. c3 Nc4 26. Bxc4 dxc4 27.
Qe5 Bc6 28. Rd1 Rae8 29. Qf5 Re2 30. Rf2 Rxf2 31. Qxf2 Re8 32. Rf1 Re7 33. Qf5
Qa7 34. Qc8+ Re8 35. Qxc6 Qe7 36. Nxa6 Qe1 37. Qf3 Qe7 { Rest nicht
nachvollziebar} 1-0